000 01514nam a2200277Ia 4500
999 _c35462
_d35462
001 1320
003 GE_BSU
005 20250616104812.0
008 181216s2008||||ge |||||||||||||| ||geo||
020 _a9789941008549
040 _cGE_BSU
041 _ageo
080 _a63(075.8) ს-63
245 _aსოფლის მეურნეობის საფუძვლები :
_b[სახელმძღვანელო] ნ.II /
_cავტორები : ზაირა ტყებუჩავა, გივი ცაგურიშვილი, ცოტნე სამადაშვილი და სხვ.; [რედ. ი. საათაშვილი].
264 _aთბილისი:
_bსაქ. სახ. სასოფლო სამეურნეო უნ-ტი,
_c2008.
300 _a220 გვ. ;
_b20 სმ.
504 _aბიბლ.:გვ. 217-219
541 _h7 ლ.
653 _aსოფლის მეურნეობა
700 _a ტყებუჩავა, ზაირა
_eავტორი
_925419
700 _aცაგურიშვილი, გივი
_eავტორი
_925420
700 _aსამადაშვილი, ცოტნე და სხვ.;
_925421
700 _aსაათაშვილი, ი.
_eრედაქტორი
_925422
710 _a საქ. განათლ. და მეცნ. სამინ, საქ. სას.-სამ. უნ-ტი.
_925423
942 _cBK
_2udc